The Indian Contract Act 1872 / (Record no. 26609)

000 -LEADER
fixed length control field 00549 a2200181 4500
008 - FIXED-LENGTH DATA ELEMENTS--GENERAL INFORMATION
fixed length control field 230621b ||||| |||| 00| 0 eng d
020 ## - INTERNATIONAL STANDARD BOOK NUMBER
International Standard Book Number 9789389991444
Terms of availability Rs775.00
041 0# - LANGUAGE CODE
Language code of text/sound track or separate title eng
082 00 - DEWEY DECIMAL CLASSIFICATION NUMBER
Classification number 346.5402
Item number M9581
100 ## - MAIN ENTRY--PERSONAL NAME
Personal name Mulla, Dinshaw Fardunji
245 ## - TITLE STATEMENT
Title The Indian Contract Act 1872 /
250 ## - EDITION STATEMENT
Edition statement 16th ed.
260 ## - PUBLICATION, DISTRIBUTION, ETC. (IMPRINT)
Place of publication, distribution, etc Gurgaon:
Name of publisher, distributor, etc Lexis Nexis,
Date of publication, distribution, etc 2021.
300 ## - PHYSICAL DESCRIPTION
Extent xcvi, 474 p. ;
Dimensions 24 cm
650 #0 - SUBJECT ADDED ENTRY--TOPICAL TERM
Topical term or geographic name as entry element Indian Act
700 ## - ADDED ENTRY--PERSONAL NAME
9 (RLIN) 5505
Personal name Wadhwa, Anirudh
Relator term editor
942 ## - ADDED ENTRY ELEMENTS (KOHA)
Source of classification or shelving scheme
Item type Books
Holdings
Withdrawn status Lost status Source of classification or shelving scheme Damaged status Not for loan Permanent location Current location Shelving location Date acquired Source of acquisition Cost, normal purchase price Full call number Barcode Date last seen Cost, replacement price Koha item type
          IMU Kolkata IMU Kolkata Reference 2023-06-21 4 580.86 346.5402 M9581 14017 2023-06-21 775.00 Books
          IMU Kolkata IMU Kolkata   2023-06-21 4 580.86 346.5402 M9581 14018 2023-06-21 775.00 Books
          IMU Kolkata IMU Kolkata   2023-06-21 4 580.86 346.5402 M9581 14019 2023-06-21 775.00 Books
Designed and Maintained by IMU-KC Library, Kolkata Campus © Copyright All Rights Reserved

webs counters

Powered by Koha